ნორმალური ფორმატი
MARC ფორმატი
ჩანაწერი Corporate Name
ჩანაწერთა რაოდენობა, რომელიც გამოყენებულია: 1
001 - CONTROL NUMBER
- control field: 17454
003 - CONTROL NUMBER IDENTIFIER
- control field: GE_BSU
005 - DATE AND TIME OF LATEST TRANSACTION
- control field: 20230404104652.0
008 - FIXED-LENGTH DATA ELEMENTS
- fixed length control field: 230404|| aca||aabn | a|a d
040 ## - CATALOGING SOURCE
- Original cataloging agency: GE_BSU
- Transcribing agency: GE_BSU
110 ## - HEADING--CORPORATE NAME
- Corporate name or jurisdiction name as entry element: თსუ-ს საქ. ისტორ. კათედრა.
- Subordinate unit: სამხრ. კავკ. და ანატოლიის შემსწავლელი ცენტრი.
670 ## - SOURCE DATA FOUND
- Source citation: Work cat.: (GE_BSU)40570: ხოშტარია, დავით. 17452, კლარჯეთის ეკლესიები და მონასტრები /
